| 000 | 00703nam a22001937a 4500 | ||
|---|---|---|---|
| 999 |
_c168440 _d168440 |
||
| 005 | 20191009142908.0 | ||
| 010 | _aENG-126622 | ||
| 020 |
_a9789353285517 _c850.00 |
||
| 035 | _aEN-110154 | ||
| 037 | _bDBAD/PUB | ||
| 082 | _a363.348 | ||
| 100 | _aBhattacharjee, Malini | ||
| 245 |
_aDisaster relief and the RSS : _cby Malini Bhattacharjee _bresurrecting "religion "through humanitarianism / |
||
| 260 |
_aNew Delhi _bSAGE Publications |
||
| 270 |
_aB1/1-1, Mohan Cooperative Industrial Area _bMathura Road, Post Bag 7 _e110044 _mmarketing@sagepub.in |
||
| 300 |
_axvii,238p. _c22cm(Hb) |
||
| 500 | _aIncludes bibliographical references and index | ||
| 942 |
_2ddc _cEN _h363.348 _mBHA |
||